Zákon č. 280 Z.z. o rodičovskom príspevku
Dňa 16. mája 2002 schválila NR SR zákon č. 280/2002 Z.z. o rodičovskom príspevku. Tento zákon nadobúda účinnosť dňom 1. novembra 2002. Výklad jednotlivých ustanovení zákona.
Na minha lista:
| Autor principal: | |
|---|---|
| Formato: | Capítulo de Livro |
| Idioma: | eslovaco |
| Assuntos: | |
| Tags: |
Sem tags, seja o primeiro a adicionar uma tag!
|
MARC
| LEADER | 00000naa a2200000 4500 | ||
|---|---|---|---|
| 001 | r046345 | ||
| 005 | 20231002090554.0 | ||
| 041 | 0 | |a slo | |
| 044 | |a SK | ||
| 245 | 1 | 0 | |a Zákon č. 280 Z.z. o rodičovskom príspevku |c Ján Matlák |
| 520 | |a Dňa 16. mája 2002 schválila NR SR zákon č. 280/2002 Z.z. o rodičovskom príspevku. Tento zákon nadobúda účinnosť dňom 1. novembra 2002. Výklad jednotlivých ustanovení zákona. | ||
| 610 | 2 | 0 | |a dávky sociálne |
| 610 | 2 | 0 | |a starostlivosť o deti |
| 610 | 2 | 0 | |a príspevky sociálne |
| 610 | 2 | 0 | |a zákony |
| 610 | 2 | 0 | |a Slovensko |
| 610 | 2 | 0 | |a 2002 |
| 100 | 1 | |a Matlák, Ján | |